000
00317nam a2200121 a 4500
008
100917s1966|||| d
245
1
0
_a
Špionáž a politika
100
1
_a
Dunajský, Martin
260
_b
Vydavateľstvo politickej literatúry
_c
1966
_a
Bratislava
020
_c
17,10
044
_a
xo
_c
SK
041
_a
slo
999
_c
10428
_d
10428